000 00728nam a2200229 a 4500
001 40970
003 BD-RjUL
005 20211209053315.0
008 160512s1962 bg ||||| |||| 00| 0 ben d
020 _cTk. 3.00
035 _a(BD-RjUL)41086
040 _aBD-RjUL
_bben
_cBD-RjUL
041 _aben
082 _223
_a891.441
_bARN 1962
100 _aআরজু, জাহানারা
_9126091
245 1 0 _aনীলস্বপ্ন /
_cআরজু, জাহানারা
260 _aঢাকা :
_bকবিতাঙ্গন,
_c১৯৬২
300 _a১১৯ পৃ. ;
_c২২ সেমি.
650 _aবাংলা কবিতা
_9126092
650 _aBengali Poetry
_9126093
942 _2ddc
_cBK
999 _c40970
_d40970